| 000 | 00362nam a22001457a 4500 | ||
|---|---|---|---|
| 003 | SGT | ||
| 082 |
_a617.3 _bE22J |
||
| 100 | _aJAISWAL, SHALU | ||
| 245 | _aEFFICACY OF DUAL TASK TRAINING ON ANKLE STABILITY IN CHRONIC ANKLE SPRAIN | ||
| 260 |
_aGURUGRAM _bSGT UNIVERSITY _c2022 |
||
| 300 | _a96 | ||
| 650 | _aORTHOPEDICS | ||
| 653 | _aMPT | ||
| 942 |
_2ddc _cTH |
||
| 999 |
_c32214 _d32214 |
||